000 00728nam a2200205 4500
001 124205
003 ES-MaACL
005 20230906192339.0
007 t|
008 070214s1966 sp r ||||1| spa d
100 1 _aRedondo, Francisco.
_995812
245 1 0 _aPolítica de incentivos de exportación /
_cFrancisco Redondo, Manuel Quintero Núñez, José Luis Rodríguez-Pomatta.
250 _a2ª ed.
260 _aMadrid :
_bAsociación para el progreso de la dirección,
_c1966.
300 _a63 h. ;
_c27 cm.
700 1 _aQuintero Núñez, Manuel.
_994726
700 1 _aRodríguez-Pomatta, José Luis.
_998738
710 2 _aAsociación para el Progreso de la Dirección.
_91775
852 _aES-MaACL
_jC-30817
_bR.61516
999 _c124205
_d124205